[Event "Go-Makkah Chess Festival 2020"]
[Site "Djerba"]
[Date "2020.02.21"]
[Round "7.3"]
[White "Pichot, Alan"]
[Black "Heberla, Bartlomiej"]
[Result "1-0"]
[WhiteElo "2606"]
[BlackElo "2575"]
[Annotator "TA"]
[PlyCount "111"]
[EventDate "2020.02.16"]
[EventType "swiss"]
[EventCountry "TUN"]
[SourceTitle "playchess.com"]
[Source "ChessBase"]
[SourceQuality "1"]

{[%evp 30,111,31,29,31,29,21,24,22,29,38,25,22,29,36,35,36,35,35,25,50,25,25,21,18,17,43,56,100,100,691,691,1482,1464,1124,268,254,273,279,285,272,257,446,439,439,439,414,182,182,175,145,135,465,426,291,283,5069,5073,5081,5185,5164,5158,4773,3893,5065,5164,4669,2517,3410,2452,1511,1541,12832,12837,12825,6627,6687,6627,5422,887,29988,29989,29989,29990]} 1. e4 e5 2. Nf3 Nc6 3. Bb5 a6 4. Ba4 Nf6 5. O-O Be7 6. Re1 b5 7. Bb3 d6 8. c3 O-O 9. h3 Nb8 10. d4 Nbd7 11. Nbd2 Bb7 12. Bc2 Re8 13. Nf1 Bf8 14. Ng3 g6 15. a4 Bg7 16. Bd3 exd4 {C95: Closed Ruy Lopez: Breyer Variation with 10 d4.} 17. cxd4 c5 18. axb5 axb5 {White has an edge.} 19. Rxa8 Bxa8 20. Bxb5 {Strongly threatening dxc5.} cxd4 21. Nxd4 Nxe4 22. Nxe4 Rxe4 23. Rxe4 Bxe4 24. Bf1 Bb7 {[#]} 25. Be3 $5 $146 {[%mdl 8] An interesting novelty.} ({Predecessor:} 25. b4 Nf6 26. Nb5 Nd5 27. Bc4 Qe7 28. Bxd5 Bxd5 29. Qxd5 Qe1+ 30. Kh2 Qxc1 31. Nxd6 Qf4+ 32. Kg1 Qc1+ 33. Kh2 Qf4+ {½-½ (33) Sevian,S (2677)-Oparin,G (2644) Saint Louis 2019}) 25... Qa5 26. Nb5 d5 27. Qc1 h5 28. Nd6 Ba6 29. Qc6 $36 {[%mdl 2048] White is really pushing.} Bxf1 $4 {[%mdl 8192]} (29... d4 $16) 30. Qxd7 $18 Qe1 {aiming for ...Bb5+.} 31. Qxf7+ {[%mdl 64] Double Attack} Kh8 32. Kh2 $2 (32. Qe7 {White threatens Nf7+ and mate.} Kg8 33. Nf7 Bc4+ 34. Kh2) 32... d4 {[#]} 33. Bg5 $1 ({And not} 33. Qxg6 dxe3 34. Qxh5+ Kg8 $11) 33... Qe5+ 34. Bf4 Qf6 35. Kg1 Qxf7 $2 (35... Bd3 36. Qc7 Qf8) 36. Nxf7+ Kg8 37. Kxf1 Kxf7 {[%mdl 4096] Endgame KB-KB} 38. b3 (38. b4 $142) 38... d3 {[#]} 39. Ke1 $1 Bc3+ 40. Bd2 Bg7 $2 {[%mdl 8192] This costs Black the game.} (40... Bd4 $16 41. Ba5 Ke6) 41. Ba5 Bd4 42. Kd2 Bxf2 $2 (42... Ke6 43. f3 Bf6) 43. Kxd3 Ke6 44. Ke4 Bg3 45. Bd2 Bh4 46. Bb4 Bg5 47. Bc5 Bc1 48. b4 Ba3 49. Kd4 Bb2+ 50. Kc4 Ke5 51. b5 Ke4 52. Bd6 Bd4 53. Bc7 g5 54. b6 (54. Bd8 $142 Bg1 55. b6 Bxb6 56. Bxb6) 54... Ke3 55. b7 Ba7 {[#]} 56. Bb6+ $1 {[%mdl 576] Double Attack. Accuracy: White = 80%, Black = 49%.} 1-0

[Event "Go-Makkah Chess Festival 2020"]
[Site "Djerba"]
[Date "2020.02.21"]
[Round "7.4"]
[White "Lagarde, Maxime"]
[Black "Gagunashvili, Merab"]
[Result "1-0"]
[WhiteElo "2659"]
[BlackElo "2580"]
[Annotator "TA"]
[PlyCount "83"]
[EventDate "2020.02.16"]
[EventType "swiss"]
[EventCountry "TUN"]
[SourceTitle "playchess.com"]
[Source "ChessBase"]
[SourceQuality "1"]

{[%evp 18,83,3,0,41,28,24,30,21,21,21,21,27,20,33,24,97,92,108,101,115,120,192,97,231,221,221,122,106,112,192,93,168,173,140,99,101,8,56,38,85,88,224,177,540,537,526,485,486,452,661,713,1242,1245,1194,1185,864,703,5614,6874,6628,6195,29990,29991,29991,29992,29993,29994]} 1. e4 e5 2. Nf3 Nc6 3. Bb5 a6 4. Ba4 Nf6 5. Nc3 b5 6. Bb3 Be7 7. d3 d6 8. a3 O-O 9. O-O Bg4 10. Be3 Na5 {C84: Closed Ruy Lopez: Unusual White 6th moves.} (10... Nd4 $5) 11. Ba2 Qd7 12. h3 Be6 {White has an edge.} 13. Nd5 Nxd5 14. exd5 Bf5 15. b4 {[%cal Bb2b4,Bb4c5][%mdl 32]} Nb7 16. c4 $36 {[%mdl 2048] [#] White fights for an advantage.} Bf6 $146 (16... a5 $11 {remains equal.}) ({Predecessor:} 16... c6 17. dxc6 Qxc6 18. Rc1 Qd7 19. d4 e4 20. Nd2 Rfc8 21. c5 d5 22. f3 exf3 23. Qxf3 {1-0 (37) Kovacevic,A (2480)-Sodoma,J (2318) Kavala 2019}) 17. c5 $1 $16 {[%cal Rc5c6]} dxc5 18. bxc5 {Black must now prevent c6.} Qe7 19. d4 Be4 (19... exd4 $16 20. Nxd4 Bg6) 20. Re1 (20. Nxe5 $18 Bxe5 21. dxe5 Qxe5 22. Re1) 20... Bxf3 (20... exd4 $16 21. Bxd4 Nxc5) 21. Qxf3 $18 exd4 22. Bf4 ({But not} 22. Bxd4 $6 Qd8 $16) (22. d6 $1 $18 {[%cal Rd6e7]} cxd6 23. Bxd4 $1 {[%mdl 576] Discovered Attack}) 22... Qd8 $16 23. Rac1 {[%mdl 1024] And now d6 would win. White has strong compensation.} Na5 (23... Bg5 $16 {might work better.}) 24. h4 (24. d6 $18 {and White stays clearly on top.} c6 25. Bd2) 24... Nc4 (24... Bxh4 $16 25. d6 Bg5) 25. g3 $18 Rc8 26. Bb1 g6 27. Bh6 (27. Bd3 $16) 27... Bg7 (27... Ne5 $5 {[%cal Re5f3]} 28. Qf4 Re8 $15) 28. Bg5 f6 29. Bf4 Re8 (29... Ne5 $16 30. Qb3 Qd7) 30. h5 f5 $2 (30... Ne5 {is tougher.} 31. Bxe5 fxe5) 31. hxg6 hxg6 {[#]} 32. d6 $1 {[%mdl 512] Qd5+ is the strong threat.} c6 (32... cxd6 33. Qd5+) 33. g4 Qd7 (33... d3 $142 34. Qxd3 Qd7 35. gxf5 Bb2) 34. gxf5 Rxe1+ 35. Rxe1 Re8 36. Rxe8+ Qxe8 37. Be4 d3 38. Bxc6 Qe1+ {[#]} 39. Kg2 $1 d2 40. Bd5+ {White mates.} Kf8 41. Be6 {[%cal Rf3a8]} Ne3+ 42. Bxe3 {Accuracy: White = 69%, Black = 30%.} 1-0

[Event "Go-Makkah Chess Festival 2020"]
[Site "Djerba"]
[Date "2020.02.21"]
[Round "7.5"]
[White "Kotronias, Vasilios"]
[Black "Oussedik, Mahfoud"]
[Result "1-0"]
[WhiteElo "2526"]
[BlackElo "2423"]
[Annotator "TA"]
[PlyCount "95"]
[EventDate "2020.02.16"]
[EventType "swiss"]
[EventCountry "TUN"]
[SourceTitle "playchess.com"]
[Source "ChessBase"]
[SourceQuality "1"]

{[%evp 10,95,12,9,12,0,5,0,0,0,0,0,0,-8,0,0,0,0,0,0,0,-1,-8,-5,0,0,18,18,23,12,28,26,22,10,19,11,18,20,21,0,28,18,37,-9,0,0,18,7,4,2,18,18,24,46,41,6,35,6,15,2,2,5,66,4,0,17,20,20,112,78,158,157,147,137,150,132,412,402,633,629,614,605,589,582,29990,29987,29991,29992]} 1. e4 e5 2. Bc4 Nf6 3. d3 Nc6 4. Nf3 Bc5 5. c3 d6 6. Bb3 a5 {C54: Giuoco Piano: 4 c3 Nf6, main lines with 5 d4 and 5 d3.} 7. a4 h6 8. h3 O-O {The position is equal.} 9. Nbd2 Be6 10. O-O d5 11. Re1 Re8 12. exd5 Bxd5 13. Ne4 Be7 14. Bc2 {[#]} Qd7 $146 ({Predecessor:} 14... Nxe4 15. dxe4 Bc4 16. Be3 Qxd1 17. Raxd1 Red8 18. Nd2 Be6 19. Kh2 b6 20. f4 exf4 21. Bxf4 Rd7 22. Nf3 Rad8 23. Rxd7 Rxd7 24. Rd1 Rxd1 25. Bxd1 Bd6 26. Bxd6 {½-½ (26) Popov,V (2281)-Ermakov,V (2263) ICCF email 2017}) 15. Nxf6+ Bxf6 16. Nh2 Be7 17. Ng4 Qd6 18. Ne3 Be6 19. Qh5 Bg5 20. Nc4 Bxc4 $1 21. dxc4 g6 22. Qf3 Bxc1 23. Raxc1 f5 24. Rcd1 Qe6 25. Rd5 Re7 26. h4 h5 27. Qg3 Qf6 28. f3 Kh8 29. Red1 Rg8 30. Qg5 Qxg5 31. hxg5 Kg7 32. Kf2 Ra8 33. c5 Rh8 34. Rd7 Kf8 35. Bb3 Rhh7 (35... h4 $11) 36. R7d2 (36. Rxe7 $14 Rxe7 37. Bc4) 36... e4 $11 {[#] ...e3+ is the strong threat.} 37. Kg3 h4+ 38. Kh3 $1 e3 (38... exf3 $11 {remains equal.} 39. gxf3 Rh5) 39. Re2 $16 Re5 (39... Re8 $142) 40. f4 $36 {[%mdl 2048] White is in control.} Re4 {[#]} 41. g3 $1 hxg3+ 42. Kxg3 Rhe7 $2 {[%mdl 8192] A mistake that costs the game.} (42... Ree7 $16 {is a better defense.} 43. Rde1 Nd8 44. Rxe3 Rxe3+ 45. Rxe3 Rd7) 43. Rh1 $18 {White threatens Rh8+ and mate.} Rg7 (43... Ke8 $142 44. Rh8+ Kd7) 44. Bd5 Rxa4 45. Rh8+ Ke7 46. Rxe3+ Kd7 47. Be6+ Ke7 48. Bxf5+ {[%mdl 64] Discovered Attack. Accuracy: White = 86%, Black = 65%.} 1-0

[Event "Go-Makkah Chess Festival 2020"]
[Site "Djerba"]
[Date "2020.02.22"]
[Round "8.1"]
[White "Zaibi, Amir"]
[Black "Oussedik, Mahfoud"]
[Result "1/2-1/2"]
[WhiteElo "2402"]
[BlackElo "2423"]
[Annotator "ChessBase"]
[PlyCount "42"]
[EventDate "2020.02.16"]
[EventType "swiss"]
[EventCountry "TUN"]
[SourceTitle "playchess.com"]
[Source "ChessBase"]
[SourceQuality "1"]
[TimeControl "5400+30"]

1. c4 e5 2. Nc3 Nf6 3. Nf3 Nc6 4. e4 Bc5 5. Nxe5 O-O 6. Nf3 Re8 7. d3 Ng4 8. d4 Nxd4 9. Nxd4 Nxf2 10. Kxf2 Qf6+ 11. Ke3 d5 12. Nxd5 Qe5 13. Kd2 Bxd4 14. Kc2 c6 15. Nc7 Qxe4+ 16. Bd3 Qxg2+ 17. Bd2 Be3 18. Nxe8 Bg4 19. Nf6+ gxf6 20. Qe1 Re8 21. Rg1 Bxg1 1/2-1/2

[Event "Go-Makkah Chess Festival 2020"]
[Site "Djerba"]
[Date "2020.02.22"]
[Round "8.2"]
[White "Gagunashvili, Merab"]
[Black "Kotronias, Vasilios"]
[Result "1-0"]
[WhiteElo "2580"]
[BlackElo "2526"]
[Annotator "TA"]
[PlyCount "65"]
[EventDate "2020.02.16"]
[EventType "swiss"]
[EventCountry "TUN"]
[SourceTitle "playchess.com"]
[Source "ChessBase"]
[SourceQuality "1"]

{[%evp 22,65,39,40,62,49,63,66,69,56,50,50,48,55,51,50,63,69,88,52,95,97,214,214,215,214,208,206,333,337,509,508,500,474,450,395,428,428,543,544,541,520,558,507,550,526]} 1. d4 Nf6 2. c4 g6 3. g3 Bg7 4. Bg2 O-O 5. Nf3 d6 6. O-O Nbd7 7. Qc2 e5 8. Rd1 Qe7 9. Nc3 c6 10. e4 exd4 11. Nxd4 Re8 12. Bf4 Ne5 {E68: King's Indian: Fianchetto: 6...Nbd7 7 0-0 e5 8 e4.} 13. b3 $1 Bg4 14. f3 {[#]} c5 $146 {White is slightly better.} ({Predecessor:} 14... Be6 15. Rac1 Qc7 16. Qf2 a6 17. Nxe6 Rxe6 18. Nd5 Nxd5 19. cxd5 Ree8 20. dxc6 bxc6 {0-1 (32) Aulinger,R (2039)-Sommer,M (2128) Bayern 2011}) 15. Bxe5 dxe5 16. Ndb5 Be6 17. Nd5 Bxd5 $1 18. cxd5 Qd7 19. a4 ({Don't play} 19. Qxc5 Rec8 $15) 19... Rec8 20. h4 Ne8 21. Kh2 $36 {[%mdl 2048] And now Bh3 would win. White is really pushing.} Nd6 (21... Rd8 $16) 22. Bh3 $18 {[%mdl 64] [#] Skewer} f5 23. Nxd6 Qxd6 24. exf5 e4 (24... Rf8 $142 25. Qe4 Rf6 26. fxg6 Rxg6) 25. fxg6 ({Weaker is} 25. fxe4 Bxa1 26. Rxa1 Qe5 $16) 25... exf3 (25... Rf8 {was worth a try.}) 26. Bxc8 Rxc8 27. Qf5 Rf8 28. Qe6+ Qxe6 29. dxe6 {[#] Hoping for e7.White is clearly winning.} Bd4 30. gxh7+ Kxh7 31. Ra2 Kg6 32. Rf1 Rf6 33. Kh3 {Accuracy: White = 92%, Black = 41%.} 1-0

[Event "Go-Makkah Chess Festival 2020"]
[Site "Djerba"]
[Date "2020.02.22"]
[Round "8.3"]
[White "Heberla, Bartlomiej"]
[Black "Lagarde, Maxime"]
[Result "0-1"]
[WhiteElo "2575"]
[BlackElo "2659"]
[Annotator "TA"]
[PlyCount "56"]
[EventDate "2020.02.16"]
[EventType "swiss"]
[EventCountry "TUN"]
[SourceTitle "playchess.com"]
[Source "ChessBase"]
[SourceQuality "1"]

{[%evp 18,56,0,5,21,19,11,7,27,37,38,39,70,68,86,80,77,19,19,27,31,-40,-56,-89,-78,-76,-76,-95,-82,-110,-113,-111,-101,-176,-179,-981,-981,-971,-947,-29987,-29988]} 1. d4 Nf6 2. c4 e6 3. Nc3 Bb4 4. e3 O-O 5. Bd2 d5 6. Nf3 b6 7. Rc1 Bb7 8. cxd5 exd5 9. Bd3 Nbd7 10. O-O a6 {10...Be7 is the fancy move. E52: Nimzo-Indian: Rubinstein: 4...0-0 5 Nf3 d5 6 Bd3 b6.} 11. Ne5 Nxe5 12. dxe5 Bxc3 {The position is equal.} 13. Bxc3 Ne4 14. Be1 Qe7 15. Qc2 c5 16. f3 c4 17. fxe4 (17. Bxe4 $16 dxe4 18. f4) 17... cxd3 $11 18. Qc7 Rfe8 $1 {[#]} 19. Bb4 $146 ({Better is} 19. Qxb6 $14 Rac8 20. Bb4) ({Predecessor:} 19. Qxb6 Rac8 20. Bb4 Qd7 21. Qd4 Qb5 22. a4 Qxa4 23. exd5 Rxc1 24. Rxc1 Bxd5 25. Qxd5 Qxb4 {½-½ (34) Grandelius,N (2691)-Christiansen,J (2548) Helsingor 2019}) 19... Qxb4 $15 {[%mdl 64] Double Attack} 20. Qxb7 Qxe4 21. Qxf7+ Kh8 22. Qf4 {[#]} h6 $1 23. Rc6 Qxe5 ({Of course not} 23... Rxe5 $6 {[#]} 24. Rxh6+ $1 {[%mdl 512]} gxh6 25. Qf6+ Kh7 26. Qf7+ Kh8 27. Qf6+ Kh7 28. Qf7+ Kh8 29. Qf6+ $11 {[%mdl 64] Double Attack}) 24. Qxe5 Rxe5 25. Rc3 (25. h3 $17) 25... Rxe3 $19 {Hoping for ...Rae8.} 26. Rf3 $2 {[#]} (26. Rd1) 26... d2 $1 {[%mdl 512]} 27. Rd3 Re1+ 28. Rf1 Rf8 $1 {Accuracy: White = 44%, Black = 92%.} 0-1

[Event "Go-Makkah Chess Festival 2020"]
[Site "Djerba"]
[Date "2020.02.22"]
[Round "8.5"]
[White "Cuenca Jimenez, Jose Fernando"]
[Black "Sumets, Andrey"]
[Result "1/2-1/2"]
[WhiteElo "2528"]
[BlackElo "2543"]
[Annotator "TA"]
[PlyCount "141"]
[EventDate "2020.02.16"]
[EventType "swiss"]
[EventCountry "TUN"]
[SourceTitle "playchess.com"]
[Source "ChessBase"]
[SourceQuality "1"]

{[%evp 10,141,0,0,10,4,16,7,16,12,87,-18,15,0,8,0,4,0,11,0,0,0,68,69,69,63,90,90,90,80,71,82,90,90,90,39,39,39,39,39,39,39,39,39,39,39,39,21,45,21,23,21,21,18,21,18,18,4,18,18,18,12,21,21,21,20,21,11,21,20,20,20,21,18,21,21,43,21,21,18,22,22,25,0,6,3,35,35,43,43,43,35,35,35,43,43,35,0,0,0,0,0,0,0,0,0,0,0,0,0,0,0,0,0,0,0,0,0,0,0,0,0,0,0,0,0,0,0,0,0,0,0,0,0]} 1. e4 e6 2. d4 d5 3. Nc3 Nf6 4. e5 Nfd7 5. f4 c5 6. Nf3 Be7 {C11: French: Classical System: 4 e5 and 4 Bg5 dxe4.} 7. Be3 O-O 8. Qd2 b6 9. h4 $1 {[%mdl 4] is currently scoring better than 9.Nd1.} a5 {[#]} (9... Nc6 $11 {keeps the balance.}) 10. a4 $146 ({White should try} 10. O-O-O $16) ({Predecessor:} 10. h5 Ba6 11. Bxa6 Rxa6 12. h6 g6 13. f5 cxd4 14. Bxd4 Nc6 15. fxe6 fxe6 16. O-O-O {½-½ (37) Pikula,D (2433)-Kuklin,V (2346) Wuerttemberg 2017}) 10... Nc6 11. Bb5 Nxd4 12. Nxd4 cxd4 13. Bxd4 Bb4 14. O-O-O $36 {[%mdl 2048] White has some pressure.} Nc5 15. Qe3 Bd7 ({Better is} 15... Bxc3 $11 16. Qxc3 Ne4) 16. Bxc5 $14 Bxc5 17. Qf3 Bxb5 18. Nxb5 f6 19. exf6 Qxf6 20. g3 Rac8 21. Rhe1 Qf5 {[#] Strongly threatening ...Be3+!} 22. Qd3 (22. Kb1 $16) 22... Qxd3 23. Rxd3 Kf7 24. Kd2 g6 25. c3 Rfe8 26. Re5 Bf8 27. Re2 Bc5 28. Ke1 Red8 29. Kf1 Rd7 30. Kg2 h5 31. Kf3 Rcd8 32. Re1 Kf6 33. Re5 Bd6 34. Re2 Bc5 35. Rd1 Kf7 36. Rde1 Re8 37. Rb1 Ra8 38. Rd2 Rc8 39. Rbd1 Be7 40. Re2 Bf6 41. Rde1 Rc6 42. Re3 Re7 43. Rd3 Rd7 44. Ree3 Rc8 45. Rd1 Rcd8 46. Ke2 Re8 47. Rf1 Rc8 48. Kd3 Rc6 49. Rfe1 Ke7 50. R3e2 Kf7 51. Rg1 Rc4 52. b3 Rc6 53. g4 hxg4 {The position is equal.} 54. Rxg4 Rd8 55. Nd4 Bxd4 (55... Rc7 {keeps more tension.} 56. Nb5 Rcd7 57. Nd4 Rc8 58. Re3 Rdd8) 56. Kxd4 $11 {[%mdl 4096] Endgame KRR-KRR} Rh8 57. Rh2 Rh5 58. Rg5 Rh6 59. h5 Rxh5 60. Rhxh5 gxh5 61. Rxh5 {KR-KR} Kg6 62. Rh8 Kf6 63. Rg8 Kf7 64. Rb8 Kf6 65. Rh8 Kg7 66. Rb8 Kf6 67. Ra8 Kf5 68. Rf8+ Kg6 $1 69. c4 dxc4 70. bxc4 Kg7 71. Rd8 {Accuracy: White = 93%, Black = 92%.} 1/2-1/2

[Event "Go-Makkah Chess Festival 2020"]
[Site "Djerba"]
[Date "2020.02.23"]
[Round "9.1"]
[White "Sumets, Andrey"]
[Black "Zaibi, Amir"]
[Result "1-0"]
[WhiteElo "2543"]
[BlackElo "2402"]
[Annotator "TA"]
[PlyCount "117"]
[EventDate "2020.02.16"]
[EventType "swiss"]
[EventCountry "TUN"]
[SourceTitle "playchess.com"]
[Source "ChessBase"]
[SourceQuality "1"]

{[%evp 16,117,13,0,0,8,6,0,9,12,97,81,92,72,73,43,38,63,35,55,47,38,60,0,0,0,0,0,0,0,0,0,0,0,46,42,44,51,51,30,39,29,36,34,66,29,27,24,29,36,43,33,62,62,146,115,111,102,121,128,128,128,249,247,237,238,326,325,350,350,513,513,513,513,513,506,506,506,513,513,513,513,513,513,513,65,506,506,506,506,506,506,506,506,506,506,502,502,491,491,491,481,487,485]} 1. d4 d5 2. c4 e6 3. Nf3 Nf6 4. g3 Bb4+ 5. Nbd2 dxc4 6. Bg2 c3 7. bxc3 Bxc3 8. Rb1 O-O 9. O-O Bxd4 {E04: Open Catalan: 5 Nf3.} 10. Nxd4 Qxd4 11. Qc2 {[#]} Nc6 $1 {The position is equal.} 12. Bb2 {[#]} (12. Bxc6 bxc6) 12... Qg4 $146 (12... Qd8 $11 {remains equal.}) ({Predecessor:} 12... Qd8 13. Rfd1 Nd4 14. Qc5 Nxe2+ 15. Kh1 e5 16. Nf3 Qe8 17. Re1 Bf5 18. Rbd1 Qa4 19. Qxe5 Bc2 20. Rd2 Rfe8 21. Qg5 h6 22. Qh4 {½-½ (22) Roiz,M (2507)-Colovic,A (2364) Saint Vincent 2002}) 13. Bxf6 gxf6 14. Ne4 Kg7 15. f4 (15. Nxf6 $5 Qg6 16. Qc5 Qxf6 17. Bxc6 $14) 15... Qg6 16. Qc3 Ne7 17. Qxc7 Nd5 18. Qc1 b6 19. f5 (19. Rb3 $14) 19... exf5 $11 20. Nd6 Be6 21. Rb5 Rad8 22. Rxd5 Bxd5 23. Nxf5+ Kh8 24. Ne7 $36 {[%mdl 2048] White is pushing.} Qg5 ({Of course not} 24... Qh5 $6 25. Qf4 $16) (24... Qg4 {is interesting.} 25. Nxd5 Rxd5 26. Bxd5 Qd4+ 27. Rf2 Qxd5 28. Qf4 Kg8) 25. Qxg5 fxg5 26. Nxd5 f5 27. Rb1 Rfe8 28. Rb2 Re5 29. Nb4 {Hoping for Nc6.} Rb5 {Strongly threatening ...a5.} 30. Bc6 (30. a4 $5 {[%cal Ra4b5]} Rc5 31. Nd3 $14) 30... Rc5 {And now ...a5 would win.} 31. Bb7 Rd4 32. Nd3 Ra5 33. Bc6 Ra3 34. Rc2 h5 ({Black should play} 34... Ra5 $14) 35. Be8 h4 36. Bf7 Ra5 37. Rc7 hxg3 38. hxg3 f4 (38... Kg7 $16 {is a better defense.}) 39. gxf4 $18 gxf4 40. Kf2 Re4 41. Rd7 a6 42. Bd5 Rd4 {[#]} (42... Rea4 {was worth a try.} 43. Kf3 Ra3 44. Kxf4 Rxd5 45. Rxd5 Kg8) 43. Ne5 $1 {[%cal Re5g6]} Rdxd5 {[%mdl 4096] Endgame KRR-KRN} 44. Ng6+ {[%mdl 64] Double Attack} Kg8 45. Rxd5 Rxa2 {KRN-KR} 46. Rd7 b5 47. Nxf4 b4 48. Rb7 a5 49. Ne6 Rc2 50. Rg7+ Kh8 {[#] This move loses the game for Black.} 51. Ra7 $1 {White is clearly winning.} Ra2 {If Black can now play ...b3 this consolidates a bit.} 52. Nc5 Kg8 53. Rb7 Kf8 54. Rb5 Ke7 55. Nb7 a4 {intending ...b3.} 56. Rxb4 a3 57. Ra4 Ke6 58. Na5 Kd5 59. Nc4 {Accuracy: White = 90%, Black = 67%.} 1-0

[Event "Go-Makkah Chess Festival 2020"]
[Site "Djerba"]
[Date "2020.02.23"]
[Round "9.2"]
[White "Pichot, Alan"]
[Black "Cuenca Jimenez, Jose Fernando"]
[Result "1/2-1/2"]
[WhiteElo "2606"]
[BlackElo "2528"]
[Annotator "TA"]
[PlyCount "41"]
[EventDate "2020.02.16"]
[EventType "swiss"]
[EventCountry "TUN"]
[SourceTitle "playchess.com"]
[Source "ChessBase"]
[SourceQuality "1"]

{[%evp 17,18,0,0]} 1. c4 Nf6 2. g3 g6 3. Bg2 Bg7 4. Nf3 O-O 5. O-O d6 6. Nc3 Nc6 7. d3 e5 8. Rb1 a5 9. a3 Re8 {[#]} {Predecessor:} 10. Nd2 $146 {A26: English Opening vs King's Indian with ...Nc6 and d3.} Nd4 11. e3 Ne6 12. b4 axb4 13. axb4 c6 14. b5 d5 15. bxc6 bxc6 16. cxd5 cxd5 17. e4 d4 18. Nd5 Ba6 19. Nc4 Bxc4 20. dxc4 Rc8 21. Qe2 {0-1 (63) Bartel,M (2635)-Bacrot,E (2671) chess24.com INT 2020} 1/2-1/2

[Event "Go-Makkah Chess Festival 2020"]
[Site "Djerba"]
[Date "2020.02.23"]
[Round "9.3"]
[White "Lagarde, Maxime"]
[Black "Tiviakov, Sergei"]
[Result "1-0"]
[WhiteElo "2659"]
[BlackElo "2593"]
[Annotator "TA"]
[PlyCount "103"]
[EventDate "2020.02.16"]
[EventType "swiss"]
[EventCountry "TUN"]
[SourceTitle "playchess.com"]
[Source "ChessBase"]
[SourceQuality "1"]

{[%evp 19,103,0,0,0,37,31,48,35,71,62,54,44,82,70,114,91,104,103,139,116,106,104,121,117,131,131,135,99,123,127,181,174,163,179,188,197,220,214,200,200,428,434,416,414,538,419,373,350,741,654,2091,1800,1580,1535,1246,563,552,556,372,668,648,71,618,574,1015,931,29955,29960,29976,29977,29977,29978,29978,29976,29976,29976,29976,29977,29977,29978,29978,29979,29979,29980,29980,29981]} 1. e4 e6 2. d4 d5 3. e5 c5 4. c3 Nc6 5. Nf3 Bd7 6. Be2 Nge7 7. Na3 cxd4 8. cxd4 Nf5 9. Nc2 Qb6 10. O-O Rc8 11. h4 {C02: French: Advance Variation.} Nb4 12. Nxb4 Qxb4 13. a4 {[%cal Ba2a4,Ba4a5][%mdl 32] White is slightly better.} Be7 {[#]} 14. Bd2 $146 ({Predecessor:} 14. g3 O-O 15. Bd2 Qxb2 16. Rb1 Qc2 17. Rxb7 Bxa4 18. Rxa7 Qxd1 19. Bxd1 Bc2 20. Bxc2 Rxc2 {½-½ (34) Schoorl,R (2276)-Svane,R (2351) Hoogeveen 2011}) 14... Qb6 15. a5 $1 {[%cal Ra5b6]} Qc7 ({But not} 15... Qxb2 $6 16. Rb1 $16) 16. Bd3 h5 17. g3 a6 18. Rc1 Qd8 19. Qb3 Bc6 20. Rfe1 g6 21. Bb4 Bxb4 22. Qxb4 Ne7 23. Rc5 Rb8 24. Rec1 Kf8 (24... O-O $16 25. Kh2 Be8) 25. Qd2 $18 Kg7 26. b4 Ra8 27. Ng5 Qe8 28. Qf4 Nf5 29. Bxf5 exf5 $2 (29... gxf5 {keeps fighting.} 30. Qd2 Qg8) 30. e6 f6 31. Nf7 Rh7 32. Nd6 Qxe6 {[#]} 33. Nxb7 $1 {[%mdl 512]} g5 $2 ({Wrong is} 33... Bxb7 $2 34. Rc7+ Qf7 35. Rxf7+ Kxf7 36. Rc7+ Kg8 37. Rxh7 $18) (33... Bb5 34. Nd6 Bd7) 34. hxg5 ({Less strong is} 34. Rxc6 Qxc6 35. hxg5 Qxb7 $18) 34... Bxb7 35. Rc7+ {[%mdl 64] Double Attack} Kg6 36. Rxh7 Kxh7 37. Qc7+ (37. Rc7+ $142 Kg8 38. Rxb7) 37... Kg6 {Strongly threatening ...Rc8.} 38. Qxb7 {[%mdl 4096] Endgame KQR-KQR} Rf8 39. Rc7 {[%csl Gb7][%cal Rc7g7]} f4 {( -> ...Qe1+)} 40. Rg7+ $40 {[%mdl 128] White wants a kill.} Kf5 {[#] And now ...Qe1+ would win. This move loses the game for Black.} 41. Re7 $1 Qd6 42. gxf6 Rxf6 43. Qc8+ {White mates.} Kg5 44. Re5+ Kg6 45. Qg8+ Kh6 46. Qh8+ Kg6 47. Qxh5+ Kg7 48. Rg5+ Kf8 49. Qh8+ Ke7 50. Re5+ Kf7 51. Qe8+ Kg7 52. Rg5+ {Accuracy: White = 93%, Black = 55%.} 1-0

[Event "Go-Makkah Chess Festival 2020"]
[Site "Djerba"]
[Date "2020.02.23"]
[Round "9.4"]
[White "Kotronias, Vasilios"]
[Black "Heberla, Bartlomiej"]
[Result "1-0"]
[WhiteElo "2526"]
[BlackElo "2575"]
[Annotator "TA"]
[PlyCount "34"]
[EventDate "2020.02.16"]
[EventType "swiss"]
[EventCountry "TUN"]
[SourceTitle "playchess.com"]
[Source "ChessBase"]
[SourceQuality "1"]

{[%evp 1,1,9]} 1. e4 {Not much happened in this game.} {Predecessor:} e5 2. Nc3 Nf6 3. Bc4 Nc6 4. d3 Bb4 5. Nge2 d5 6. exd5 {C28: Vienna Game: 2...Nf6 3 Bc4 Nc6.} Nxd5 7. O-O Be6 8. a3 Bxc3 9. bxc3 O-O 10. Bxd5 Qxd5 11. Be3 b6 12. Qd2 Rad8 13. Ng3 f5 14. f4 e4 15. c4 Qa5 16. Rfd1 Qxd2 17. Rxd2 Na5 {½-½ (55) Nakamura,H (2736)-Giri,A (2768) chess.com INT 2020} 1-0